000 00489 a2200157 4500
999 _c222
_d222
008 220330b ||||| |||| 00| 0 eng d
020 _a9789280115833
082 0 0 _a623.8824
_bI339
110 _976
_aInternational Maritime Organization
245 _aOfficer in charge of an engineering watch (Model Course 7.04)
260 _aLondon:
_bInternational Maritime Organization,
_c2014.
300 _avii, 280 p.
490 0 _aModel Course;
_v7.04
650 0 _aMarine Engineers
942 _2ddc
_cBK